[Event "Villa Martelli"]
[Site "Villa Martelli"]
[Date "1998.05.28"]
[Round "9"]
[White "Rojas Keim, Luis Alberto"]
[Black "Filgueira, Hernan"]
[Result "1/2-1/2"]
[WhiteElo "2455"]
[BlackElo "2420"]
[Annotator "Tsesarsky,I"]
[PlyCount "48"]
[EventDate "1998.05.??"]
[EventType "tourn"]
[EventRounds "9"]
[EventCountry "ARG"]
[EventCategory "9"]
[SourceTitle "CBM 065"]
[Source "ChessBase"]
[SourceDate "1998.08.06"]
[SourceVersion "1"]
[SourceVersionDate "1998.08.06"]
[SourceQuality "1"]

1. e4 c5 2. Nf3 g6 3. d4 cxd4 4. Nxd4 Bg7 5. Be2 Nc6 6. Nb3 Nf6 7. Nc3 O-O 8.
O-O b6 9. Bg5 (9. Re1 Bb7 10. Bf1 d6 (10... Rc8 11. Bg5 h6 12. Bf4 Nh5 13. Be3
Ne5 14. Bd4 d6 15. a4 Nf4 16. Be3 Ne6 $132 {Luther,T-Nemet,I/Liechtenstein op
1993/0-1 (49)}) 11. Nd5 (11. Bg5 Nd7 12. Qd2 Re8 13. Rad1 a6 14. f4 b5 15. e5
Nb6 $6 (15... Nc5 16. Nxc5 (16. exd6 Nxb3 17. axb3 Qxd6 $11) 16... dxc5 17. Qe3
Nd4 $11) 16. Qf2 h6 (16... Qc7 $6 17. Bxe7 $1 $16 {1-0 Chandler,M-Pytel,K/4NCL,
Wigan ENG 1997 (27)}) (16... d5 17. Nc5 Bc8 18. Rd2 $14) 17. Bh4 Nc8 18. Nc5
$14) 11... Nd7 (11... Rc8 12. c3 Ne5 13. Bg5 e6 14. Nxf6+ Bxf6 15. Bf4 Re8 16.
Bb5 Re7 $11 {1/2-1/2 Gorelov,S-Arkhipov,S/Moscow op2 1995 (29)}) 12. Rb1 e6 13.
Nc3 Nf6 14. Bg5 h6 15. Bh4 g5 16. Bg3 Ne5 17. Qd2 Qe7 18. f3 Rad8 $11 {
Reinderman,D-Van Wely,L/ch-NED, Rotterdam NED 1998/0-1 (78)}) 9... Bb7 10. f4
d6 11. Bf3 Nd7 (11... Qd7 12. Nd5 Ne8 13. c3 e6 14. Ne3 f6 15. Bh4 Bh6 16. Be2
Ne5 17. Qd4 Nf7 18. Ng4 Bxf4 (18... Bg7 $132) 19. Nxf6+ (19. Rxf4 $2 e5 $17 {
0-1 Petranovich,J-Graham,N/USA-op Los Angeles 1991 (31)}) 19... Nxf6 20. Bxf6
e5 21. Qd3 d5 $132) 12. Rb1 (12. Qd2 $142 $5 Nc5 13. f5 $40) (12. Rf2 Rc8 13.
Rd2 f6 14. Bh4 Bh6 15. Bg3 Nc5 16. Bg4 Rb8 17. Qe2 $14 (17. Ne2 $2 Nxe4 $17 {
1-0 Khan,A-Ptacnikova,L/WchJW-U18 Szeged 1994 (33)})) 12... b5 (12... Nc5 13.
Nxc5 (13. Nd5 f6 14. Bh4 e6 15. Nc3 g5 $5 $132 {Kotronias,V-Skembris,S/
Karditsa 1994/1/2-1/2 (64)} (15... Nxb3 16. axb3 Qd7 $132)) (13. f5 $5 $11)
13... bxc5 14. Nd5 f6 15. Bh4 e6 16. Ne3 Nd4 17. f5 exf5 18. exf5 Nxf3+ 19.
gxf3 d5 $11 {0-1 Timmerman,G-Bosch,J/NLD-ch sf Enschede 1993 (42)}) 13. Kh1 $11
b4 (13... h6 14. Bh4 $11) 14. Nd5 f6 15. Bh4 e6 $1 (15... a5 $2 16. Bg4 f5 17.
exf5 a4 (17... gxf5 18. Bf3 Rf7 19. Re1 Bf8 20. Nd4 Nxd4 21. Qxd4 Rc8 22. Rbc1
$16) 18. Nd2 (18. fxg6 axb3 19. gxh7+ Kh8 20. axb3 $44) 18... gxf5 19. Bf3 Ra7
20. Qe1 $16) 16. Nxb4 $1 $14 (16. Ne3 Qe7 17. Bg3 f5 18. exf5 gxf5 19. Re1 Nb6
$132) 16... Nxb4 17. Qxd6 Na6 (17... Nxc2 18. Rbc1 Rc8 19. Rfd1 Ne3 (19... Rf7
20. Nc5 $1 $16) 20. Rd3 (20. Qxd7 Nxd1 21. Qxe6+ Kh8 22. Rxd1 Qc7 $11) 20...
Qb6 21. Qxb6 Nxb6 22. Rxe3 $16) 18. Qxe6+ $2 $15 (18. Rbd1 Ndc5 19. Qxc5 $1
Nxc5 20. Rxd8 Raxd8 21. Nxc5 Bc8 22. Be1 $14) 18... Kh8 $6 $11 (18... Rf7 19.
Rbd1 Qc7 $15) 19. Rbd1 Ndc5 (19... Nac5 20. Qd6 Qb6 21. Bf2 $132) 20. Rxd8 Nxe6
21. Rd6 (21. Rxa8 Bxa8 22. f5 Nec5 23. e5 Nxb3 24. Bxa8 fxe5 25. f6 Bh6 26.
axb3 Rxa8 27. Bg3 Bf4 (27... e4 28. Be5 Rf8 29. f7+ Bg7 30. Bd6 Rc8 31. f8=Q+
Bxf8 32. Rxf8+ Rxf8 33. Bxf8 $16) 28. Bxf4 exf4 29. Rxf4 Kg8 $11) 21... Rae8
22. Na5 Bc8 23. Nc6 g5 (23... Rf7 $6 24. f5 Nec5 25. Rfd1 Ref8 (25... gxf5 26.
Bh5 $18) (25... Na4 26. e5 Nxb2 27. exf6 Bf8 28. fxg6 hxg6 29. Rd8 Nxd1 30.
Rxe8 Bd7 31. Rxf8+ $1 Rxf8 32. Ne5 $1 Bf5 33. Bxd1 $16) 26. b4 $5 (26. e5 Bxf5
27. Nd8 fxe5 28. Nxf7+ Rxf7 29. Rd8+ Bf8 30. Bd5 Ne6 $132) (26. g4 Na4 27. b3
Nc3 28. R1d3 Nxa2 $15) 26... Nb7 27. R6d2 gxf5 28. exf5 Bxf5 29. b5 Nac5 30.
Nxa7 Ra8 31. b6 $14) 24. Bf2 Nxf4 (24... Nxf4 25. Bxa7 f5 $1 $132) 1/2-1/2

[Event "Rubinstein Memorial 37th"]
[Site "Polanica Zdroj"]
[Date "2000.08.18"]
[Round "2"]
[White "Svidler, Peter"]
[Black "Gelfand, Boris"]
[Result "0-1"]
[WhiteElo "2689"]
[BlackElo "2681"]
[Annotator "Wells,P"]
[PlyCount "180"]
[EventDate "2000.08.17"]
[EventType "tourn"]
[EventRounds "9"]
[EventCountry "POL"]
[EventCategory "17"]
[SourceTitle "CBM 079"]
[Source "ChessBase"]
[SourceDate "2000.11.21"]
[SourceVersion "1"]
[SourceVersionDate "2000.11.21"]
[SourceQuality "1"]

1. e4 {Hecht} c5 2. Nc3 d6 3. Nge2 Nf6 4. g3 Nc6 5. Bg2 g6 6. d4 cxd4 7. Nxd4
Nxd4 8. Qxd4 Bg7 9. O-O O-O 10. h3 (10. Qb4 $5 {[%csl Rc8][%cal Gb4b7]}) 10...
Be6 11. Qb4 $6 {[%csl Rb4]} (11. Qd1 $13) 11... Qc8 $1 {[%csl Rc3][%cal Ge6h3,
Gc8c2]} 12. Kh2 a5 13. Qa3 b5 $1 $17 {[%csl Rb5,Rf1][%cal Yc3b5,Ge6c4] and the
seizure of the iniative is as powerful as it is sudden. The threat of ...b4
leaves white little choice but to jettison a pawn, with rather stale
positional prospects to boot.} 14. Nd5 Bxd5 15. exd5 Qxc2 16. Qe3 Rfe8 17. Re1
Nd7 18. Re2 Qc4 19. b3 Qc3 20. Rb1 Rac8 21. Be4 Nf6 22. Bg2 b4 23. a3 bxa3 24.
Ra2 Qc5 25. Qd2 Qb5 26. Rxa3 Rc5 27. Rba1 Qb6 28. Qd1 Rb5 29. Be3 Qc7 30. Qd3
Reb8 31. Qc4 Qd8 32. Bd2 Qb6 33. Be3 Qd8 34. Bd2 Nd7 35. R1a2 Ne5 36. Qa4 Rb4
37. Qxa5 Qxa5 38. Rxa5 Rxb3 39. Ra7 Kf8 40. Bg5 f6 41. Bf4 Nd3 42. Be3 f5 43.
Bf1 Bf6 44. R2a3 Ne1 45. Rxb3 Rxb3 46. Ba6 Ra3 47. Be2 Rb3 48. Ba6 Bg5 49. Ra8+
Kg7 50. Ba7 Bf6 51. Bc8 Ra3 52. Be6 Nf3+ 53. Kg2 Nd4 54. Rg8+ Kh6 55. Bb6 Ra6
56. Bxd4 Bxd4 57. f4 Ra2+ 58. Kh1 {Hecht: '[#] Bauernreduzierung und
Lavierphase'} Ra3 59. Kg2 Ra2+ 60. Kh1 Bf2 61. g4 fxg4 62. hxg4 Be3 63. Rf8 Ra4
64. g5+ Kh5 65. Rh8 Bxf4 66. Rxh7+ Kxg5 67. Rxe7 Kf6 68. Rf7+ Ke5 69. Rh7 Ra2
70. Rh3 Ke4 71. Kg1 Be3+ 72. Kf1 g5 73. Rg3 Rf2+ 74. Kg1 Rb2+ 75. Kf1 Kf4 76.
Rg2 {Hecht: '[#] Schwarzer Plan: Unterbrechen der Wirkungslinie des Tg2
Richtung g4'} Rb1+ 77. Ke2 Rb2+ 78. Kf1 Rb1+ 79. Ke2 Ke4 80. Bg8 Rb2+ 81. Kf1
Rb1+ 82. Ke2 Rb2+ 83. Kf1 Rb3 84. Ke2 Ra3 85. Bf7 Bf4 86. Be6 (86. Kf2 {Hecht}
Rf3+ 87. Ke2 Bg3 88. Be6 Kf4 $19 {[%cal Rg5g4]}) 86... Bg3 87. Bf7 g4 88. Bh5
Re3+ 89. Kd2 Be1+ 90. Kd1 g3 (90... g3 {Hecht} 91. Ra2 Bf2 92. Ra4+ Kxd5 93.
Rg4 Kc5 94. Kc2 d5 $19) 0-1

[Event "Rubinstein Memorial"]
[Site "Polanica Zdroj"]
[Date "1993.??.??"]
[Round "2"]
[White "Kuczynski, Robert"]
[Black "Sosonko, Gennadi"]
[Result "1/2-1/2"]
[WhiteElo "2520"]
[BlackElo "2525"]
[Annotator "Wolff,P"]
[PlyCount "26"]
[EventDate "1993.08.??"]
[EventType "tourn"]
[EventRounds "11"]
[EventCountry "POL"]
[EventCategory "13"]
[SourceTitle "CBM 037"]
[Source "ChessBase"]
[SourceDate "1993.12.01"]
[SourceVersion "1"]
[SourceVersionDate "1993.12.01"]
[SourceQuality "1"]

1. e4 c5 2. Nf3 d6 3. d4 cxd4 4. Nxd4 Nf6 5. Nc3 Nc6 6. Be2 g6 7. O-O Bg7 8.
Nb3 O-O 9. Re1 $5 {This setup has enjoyed some success for Black with colors
reversed.} Be6 10. Bf1 d5 $5 {Very straightforward. What would be the
ramifications if White tried this idea with the extra move Pa6 (Pa3) thrown in?
} 11. exd5 (11. e5 $2 Ng4 12. Nc5 (12. f4 Qb6+ $19) 12... Qb6 13. Nxe6 Qxf2+
14. Kh1 Qh4 15. Qxg4 $8 Qxg4 16. Nxf8 Rxf8 $19) (11. Nc5 $5 dxe4 (11... d4 12.
Nxe6 (12. Nb5 Bc8 $15) 12... fxe6 13. Nb1 $13) 12. Nxe6 fxe6 13. Qxd8 (13. Bc4
Nd4 14. Be3 Rc8 $1 15. Bb3 (15. Qxd4 Qxd4 16. Bxd4 Rxc4 17. Bxf6 (17. Bxa7 Ra8
18. Be3 Nd5 $17) 17... Bxf6 (17... exf6 18. Rxe4 Rxe4 19. Nxe4 Rc8 20. c3 Kf8 {
Very pleasant for Black.}) 18. Rxe4 Rxe4 19. Nxe4 Bxb2 20. Rb1 Bd4 21. Kf1 (21.
Rxb7 $2 Rf4 $19) 21... b6 $15) 15... Nxb3 16. axb3 a6 $15) 13... Raxd8 14. Bg5
(14. Nxe4 Nxe4 15. Rxe4 Rd1 $17) (14. Bc4 Nd4 15. Bb3 a6 $15 {><a7}) 14... Nd4
15. Rac1 $13 {Unclear, but certainly no problem for Black.}) 11... Nxd5 12. Ne4
(12. Nxd5 Bxd5 $15) 12... Ndb4 $5 13. c3 Qxd1 (13... Qxd1 14. Rxd1 Nxa2 (14...
Nc2 15. Rb1 a5 (15... Rfd8 16. Bd2 $18 {/\ Rac1}) 16. Bd3 (16. Nec5 a4 17. Nxe6
axb3 18. Nxf8 $140 bxa2) 16... a4 17. Bxc2 axb3 18. Bxb3 Bxb3 19. axb3 $16) 15.
Nbc5 Nxc1 (15... Bg4 16. f3 Nxc1 17. fxg4 b6 18. Nd7 Nb3 $8 19. Ra3) 16. Nxe6
Nb3 17. Ra3 (17. Nxf8 Nxa1 18. Nxg6 hxg6 19. Rxa1 $10) 17... fxe6 18. Rxb3 $44)
1/2-1/2

[Event "SWE-ch"]
[Site "Linkoping"]
[Date "2001.07.09"]
[Round "8"]
[White "Wedberg, Tom Birger"]
[Black "Carlsson, Pontus"]
[Result "1/2-1/2"]
[WhiteElo "2504"]
[BlackElo "2316"]
[Annotator "Ziegler,A"]
[PlyCount "46"]
[EventDate "2001.06.30"]
[EventType "tourn"]
[EventRounds "13"]
[EventCountry "SWE"]
[EventCategory "8"]
[SourceTitle "CBM 085"]
[Source "ChessBase"]
[SourceDate "2001.11.13"]
[SourceVersion "1"]
[SourceVersionDate "2001.11.13"]
[SourceQuality "1"]

1. e4 c5 2. Nf3 d6 3. d4 Nf6 4. Nc3 cxd4 5. Nxd4 g6 {Draken!} 6. Bc4 {Tom har
haft en del dueller med Thomas Ernst och vet hur man handskas med denna
superöppning.} Bg7 7. O-O O-O 8. Re1 {En liten specialare som Hector har hållt
på med ett tag.} Nc6 9. h3 Bd7 10. Bb3 Nxd4 (10... Rc8 11. Bg5 {Är annars
vanligen föremålet för diskussionerna i den här sidovarianten}) 11. Qxd4 Bc6
12. Qd1 {[#] Vit siktar in sig på att om möjligt få en minimal fördel.} (12.
Qd3 {Förhindrar ...b5 men svart får istället skott på damen efter Sd7-c5,e5.})
12... b5 13. Nd5 a5 14. Bg5 (14. a3 {Är ett litet drag som jag såg Nunn vinna
med mot Sadler i en liknande ställning i Bundesliga för två år sedan. Han
gjorde bara små säkra drag och väntade på Sadlers tidsnöd.}) 14... Bxd5 15.
Bxd5 Rb8 (15... Nxd5 16. exd5 Re8 {Leder till passivt spel för svart.}) 16. c3
h6 17. Bd2 Nd7 18. Qe2 Nb6 19. Rab1 Qd7 20. a3 Rfc8 21. Bb3 Nc4 22. Bf4 Rc5 23.
Red1 Qc7 1/2-1/2